000
00278nam a22001217a 4500
999
_c
4834
_d
4834
008
250325b ||||| |||| 00| 0 eng d
020
_a
9780375857294
082
_a
823.92 HOR
100
_a
HORVATH,DAVID
_e
AUTHOR
245
_a
UGLY COLORS
260
_b
RANDOM HOUSE
942
_2
ddc